Grands arrêts de la jurisprudence française de droit international privé
Na minha lista:
| Autor principal: | |
|---|---|
| Formato: | Livro |
| Idioma: | Undetermined |
| Publicado em: |
Paris
Dalloz
1998
|
| Assuntos: | |
| Tags: |
Adicionar Tag
Sem tags, seja o primeiro a adicionar uma tag!
|
| Thư viện lưu trữ: | Trung tâm Học liệu Trường Đại học Cần Thơ |
|---|
| LEADER | 00521nam a2200181Ia 4500 | ||
|---|---|---|---|
| 001 | CTU_73004 | ||
| 008 | 210402s9999 xx 000 0 und d | ||
| 082 | |a 340.9 | ||
| 082 | |b A538 | ||
| 100 | |a Ancel, Bertrand | ||
| 245 | 0 | |a Grands arrêts de la jurisprudence française de droit international privé | |
| 245 | 0 | |c Bertrand Ancel et Yves Lequette | |
| 260 | |a Paris | ||
| 260 | |b Dalloz | ||
| 260 | |c 1998 | ||
| 650 | |a Conflict of law | ||
| 904 | |i Minh | ||
| 980 | |a Trung tâm Học liệu Trường Đại học Cần Thơ | ||